000 00305nam a2200121 i 4500
001 bg
245 0 _aPrawo rzymskie :
_bsłownik encyklopedyczny /
_cpod red. W. Wołodkiewicza.
260 _aWarszawa,
_c1986.
040 _cBPK
041 _apol
942 _cKS
008 s pl f |000 0 pol
999 _c28457
_d28457
856 _uhttp://koha.tu.koszalin.pl/cgi-bin/koha/opac-detail.pl?biblionumber=28457
_yKatalog online BPK